[Event "Wch U14"]
[Site "Montesilvano"]
[Date "2023.11.17"]
[Round "5"]
[White "Yessengali, Adizhan"]
[Black "Dhruva, Thota"]
[Result "0-1"]
[WhiteElo "1725"]
[BlackElo "2192"]
[PlyCount "74"]
[EventDate "2023.11.13"]
[EventType "swiss"]
[EventRounds "11"]
[EventCountry "ITA"]
[SourceTitle "CB48_2023"]
[SourceDate "2023.11.29"]
[SourceVersion "1"]
[SourceVersionDate "2023.11.29"]
[SourceQuality "1"]

1. d4 Nf6 2. Nf3 g6 3. g3 Bg7 4. Bg2 0-0 5. c4 d6 6. 0-0 c5 7. Nc3 Nc6 8. e3 Bg4 9. h3 Bxf3 10. Bxf3 Nd7 11. Ne2 Qb6 12. Bxc6 bxc6 13. b3 d5 14. cxd5 cxd5 15. Bb2 Qb7 16. Qd2 e5 17. Rac1 cxd4 18. exd4 e4 19. Qa5 Rfc8 20. Rfd1 Nf6 21. Rc5 Bf8 22. Nf4 Qd7 23. Kg2 Qf5 24. Qc3 g5 25. Ne2 h6 26. b4 Re8 27. Rc6 Bxb4 28. Qe3 Rac8 29. Rdc1 Rxc6 30. Rxc6 Rc8 31. Rxc8+ Qxc8 32. h4 Ng4 33. Qc1 Qf5 34. Qf1 Qf3+ 35. Kg1 gxh4 36. gxh4 Bd6 37. Ng3 e3 0-1

[Event "Wch U14"]
[Site "Montesilvano"]
[Date "2023.11.15"]
[Round "3"]
[White "Yessengali, Adizhan"]
[Black "Hobson, Kenneth"]
[Result "0-1"]
[WhiteElo "1725"]
[BlackElo "2142"]
[PlyCount "110"]
[EventDate "2023.11.13"]
[EventType "swiss"]
[EventRounds "11"]
[EventCountry "ITA"]
[SourceTitle "CB48_2023"]
[SourceDate "2023.11.29"]
[SourceVersion "1"]
[SourceVersionDate "2023.11.29"]
[SourceQuality "1"]

1. c4 e5 2. Nc3 Bb4 3. Nd5 Be7 4. e3 Nf6 5. Nxe7 Qxe7 6. Ne2 0-0 7. Ng3 Nc6 8. Be2 d5 9. cxd5 Nxd5 10. 0-0 Be6 11. a3 a5 12. Bf3 Rad8 13. Qc2 f5 14. d3 Nb6 15. Bxc6 bxc6 16. Bd2 Qd7 17. Bxa5 f4 18. exf4 exf4 19. Ne4 f3 20. Bb4 Rfe8 21. Ng5 Bd5 22. d4 g6 23. g3 Re2 24. Qd3 Qg4 25. h4 Rde8 26. Rae1 Kg7 27. Kh2 Nc4 28. b3 Ne3 29. Qc3 Nxf1+ 30. Rxf1 h6 31. Nh3 g5 32. Rg1 Kf7 33. Qd3 R8e4 34. hxg5 hxg5 35. Rf1 Kg8 36. Bd2 Qh5 37. Bxg5 Be6 38. Bh4 Qf5 39. g4 Qh7 40. Qxf3 Qxh4 41. Rg1 R4e3 42. Qxe3 Rxe3 43. fxe3 Bxg4 44. Rg3 Kf8 45. Kg2 Bxh3+ 46. Rxh3 Qg4+ 47. Rg3 Qe2+ 48. Kh3 Qh5+ 49. Kg2 Qe2+ 50. Kh3 Qb2 51. Rg5 Qxa3 52. Kg3 Qxb3 53. Kf4 Ke7 54. Rg7+ Kf6 55. Rxc7 Qb8 0-1

[Event "Belgrade Serbia op"]
[Site "Belgrade"]
[Date "2023.07.23"]
[Round "8"]
[White "Vershinin, Igor"]
[Black "Yessengali, Adizhan"]
[Result "1-0"]
[WhiteElo "2027"]
[BlackElo "1663"]
[PlyCount "74"]
[EventDate "2023.07.16"]
[EventType "swiss"]
[EventRounds "9"]
[EventCountry "SRB"]
[SourceTitle "EXT 2024"]
[Source "ChessBase"]
[SourceDate "2023.10.10"]
[SourceVersion "1"]
[SourceVersionDate "2023.10.10"]
[SourceQuality "1"]

1. e4 Nc6 2. d4 d5 3. e5 Bf5 4. c3 e6 5. Bd3 Nge7 6. Ne2 Qd7 7. 0-0 f6 8. f4 h5 9. b4 a6 10. a4 h4 11. Na3 Bxd3 12. Qxd3 Nf5 13. Nc2 Be7 14. exf6 Bxf6 15. Ne3 0-0 16. Ng4 Qe8 17. Ne5 Nce7 18. Qf3 Nh6 19. Qh3 Nef5 20. Bd2 Nd6 21. Nf3 Ne4 22. Be1 Nf5 23. Bxh4 Nxh4 24. Nxh4 a5 25. b5 c5 26. Nf3 Rc8 27. Rac1 Bd8 28. Qg4 Bb6 29. Ne5 Rf6 30. h3 Nd2 31. Rfd1 Ne4 32. Qf3 Qe7 33. Kh2 Ng5 34. Qh5 Nf7 35. Qg4 Nh6 36. Qg5 Qf8 37. Nd7 Qd8 1-0

[Event "Belgrade Serbia op"]
[Site "Belgrade"]
[Date "2023.07.22"]
[Round "7"]
[White "Marjanovic, Rastko"]
[Black "Yessengali, Adizhan"]
[Result "1-0"]
[WhiteElo "2072"]
[BlackElo "1663"]
[PlyCount "54"]
[EventDate "2023.07.16"]
[EventType "swiss"]
[EventRounds "9"]
[EventCountry "SRB"]
[SourceTitle "CBM 215 Extra"]
[Source "ChessBase"]
[SourceDate "2023.09.30"]
[SourceVersion "1"]
[SourceVersionDate "2023.09.30"]
[SourceQuality "1"]

1. e4 e6 2. d4 d5 3. e5 c5 4. c3 Qb6 5. Nf3 Bd7 6. a3 Bb5 7. b4 cxb4 8. Bxb5+ Qxb5 9. cxb4 a5 10. Nc3 Qc6 11. Bd2 axb4 12. axb4 Rxa1 13. Qxa1 Qa6 14. Qxa6 Nxa6 15. b5 Nb4 16. Ke2 Ne7 17. Ra1 Nc8 18. Ra8 Kd7 19. Na4 Kc7 20. Ng5 b6 21. Nxf7 Rg8 22. Nd6 Bxd6 23. exd6+ Kb7 24. Nxb6 Nc2 25. d7 Nxb6 26. Rxg8 Nxd7 27. Rxg7 Kc8 1-0

[Event "Belgrade Serbia op"]
[Site "Belgrade"]
[Date "2023.07.21"]
[Round "6"]
[White "Yessengali, Adizhan"]
[Black "Vlahovic, Milan"]
[Result "1-0"]
[WhiteElo "1663"]
[BlackElo "2182"]
[PlyCount "41"]
[EventDate "2023.07.16"]
[EventType "swiss"]
[EventRounds "9"]
[EventCountry "SRB"]
[SourceTitle "CBM 215 Extra"]
[Source "ChessBase"]
[SourceDate "2023.09.30"]
[SourceVersion "1"]
[SourceVersionDate "2023.09.30"]
[SourceQuality "1"]

1. f4 g6 2. Nf3 Bg7 3. g3 d5 4. Bg2 c5 5. c3 Nc6 6. 0-0 Nf6 7. Na3 0-0 8. d3 a6 9. Qe1 b6 10. e4 e6 11. Bd2 Bb7 12. Rd1 Qc7 13. Bc1 Rad8 14. Qe2 b5 15. Nc2 c4 16. dxc4 Nxe4 17. cxd5 exd5 18. f5 Rfe8 19. Bf4 Qc8 20. fxg6 hxg6 21. Qe3 1-0

[Event "Belgrade Serbia op"]
[Site "Belgrade"]
[Date "2023.07.20"]
[Round "5"]
[White "Yessengali, Adizhan"]
[Black "Yilmaz, Baver"]
[Result "0-1"]
[WhiteElo "1663"]
[BlackElo "2023"]
[PlyCount "66"]
[EventDate "2023.07.16"]
[EventType "swiss"]
[EventRounds "9"]
[EventCountry "SRB"]
[SourceTitle "CBM 215 Extra"]
[Source "ChessBase"]
[SourceDate "2023.09.30"]
[SourceVersion "1"]
[SourceVersionDate "2023.09.30"]
[SourceQuality "1"]

1. b3 Nf6 2. Bb2 d5 3. e3 e6 4. Nf3 Be7 5. c4 b6 6. Be2 Bb7 7. 0-0 0-0 8. d4 c5 9. Nc3 Nc6 10. cxd5 exd5 11. Rc1 Rc8 12. dxc5 Bxc5 13. Bd3 d4 14. Na4 dxe3 15. Nxc5 exf2+ 16. Rxf2 bxc5 17. Bxf6 Qxf6 18. Rxc5 g6 19. Bc4 Rfd8 20. Qc1 Qe7 21. h4 Nd4 22. Ng5 Kg7 23. b4 f6 24. Nh3 Re8 25. Rxc8 Rxc8 26. Nf4 Ba6 27. Nd5 Rxc4 28. Qxc4 Qe1+ 29. Rf1 Nf3+ 30. Kh1 Bxc4 31. Rxe1 Nxe1 32. Nc3 Nc2 33. b5 Na3 0-1

[Event "Asian Continental op 20th"]
[Site "Almaty"]
[Date "2023.06.08"]
[Round "6"]
[White "Akhmedinov, Satbek"]
[Black "Yessengali, Adizhan"]
[Result "1-0"]
[WhiteElo "1957"]
[BlackElo "1596"]
[PlyCount "91"]
[EventDate "2023.06.04"]
[EventType "swiss"]
[EventRounds "9"]
[EventCountry "KAZ"]
[SourceTitle "CBM 214 Extra"]
[Source "ChessBase"]
[SourceDate "2023.07.31"]
[SourceVersion "1"]
[SourceVersionDate "2023.07.31"]
[SourceQuality "1"]

1. e4 c6 2. Nc3 d5 3. Nf3 dxe4 4. Nxe4 Nf6 5. Qe2 Nxe4 6. Qxe4 Qd5 7. Qe3 Bf5 8. Nd4 Bg6 9. c4 Qc5 10. f4 Nd7 11. f5 Bh5 12. h3 f6 13. Ne6 Qxe3+ 14. dxe3 Rc8 15. b4 Bf7 16. Bb2 g6 17. e4 Bh6 18. Be2 Rg8 19. 0-0 Nf8 20. Nf4 Rd8 21. Bc3 Bg5 22. c5 Bh6 23. g4 Bg5 24. a4 h5 25. Rae1 hxg4 26. hxg4 Rh8 27. Kg2 gxf5 28. exf5 Bb3 29. Nh5 Kf7 30. Bf3 Rd3 31. Ba1 Bd2 32. Rxe7+ Kxe7 33. Bxf6+ Kf7 34. Bxh8 Bxb4 35. g5 Rd2+ 36. Kg3 Bxc5 37. Bc3 Bd6+ 38. Kg4 Ra2 39. g6+ Ke7 40. Re1+ Kd8 41. g7 Nh7 42. Re6 Rxa4+ 43. Be4 Kd7 44. g8Q Rxe4+ 45. Kf3 Rxe6 46. fxe6+ 1-0

[Event "Asian Continental op 20th"]
[Site "Almaty"]
[Date "2023.06.06"]
[Round "4"]
[White "Shonazarov, Orash"]
[Black "Yessengali, Adizhan"]
[Result "1-0"]
[WhiteElo "2066"]
[BlackElo "1596"]
[PlyCount "77"]
[EventDate "2023.06.04"]
[EventType "swiss"]
[EventRounds "9"]
[EventCountry "KAZ"]
[SourceTitle "CBM 214 Extra"]
[Source "ChessBase"]
[SourceDate "2023.07.31"]
[SourceVersion "1"]
[SourceVersionDate "2023.07.31"]
[SourceQuality "1"]

1. e4 Nc6 2. Nf3 d5 3. exd5 Qxd5 4. Nc3 Qa5 5. d4 Bg4 6. Bb5 e6 7. h3 Bxf3 8. Qxf3 Nge7 9. 0-0 a6 10. Bxc6+ bxc6 11. Ne4 Qf5 12. Qxf5 Nxf5 13. c3 Bd6 14. a4 a5 15. Be3 Rb8 16. Rab1 0-0 17. Nd2 Ra8 18. Nc4 Rfb8 19. Rfe1 h5 20. Kf1 g6 21. Ke2 Kg7 22. Kd3 Ne7 23. Kc2 Nd5 24. Ra1 Rd8 25. Re2 Nb6 26. Nd2 Rab8 27. Bg5 f6 28. Be3 Kf7 29. h4 Rb7 30. Ree1 Rbb8 31. Reb1 Ra8 32. Rd1 Rab8 33. Rh1 Rd7 34. Rh3 Rdd8 35. Rf3 Kg7 36. Ra2 Rb7 37. Bf4 Be7 38. Rh3 Rbb8 39. Be3 1-0

[Event "Asian Continental op 20th"]
[Site "Almaty"]
[Date "2023.06.05"]
[Round "2"]
[White "Kuziev, Miraziz"]
[Black "Yessengali, Adizhan"]
[Result "1-0"]
[WhiteElo "2014"]
[BlackElo "1596"]
[PlyCount "53"]
[EventDate "2023.06.04"]
[EventType "swiss"]
[EventRounds "9"]
[EventCountry "KAZ"]
[SourceTitle "CBM 214 Extra"]
[Source "ChessBase"]
[SourceDate "2023.07.31"]
[SourceVersion "1"]
[SourceVersionDate "2023.07.31"]
[SourceQuality "1"]

1. d4 d5 2. c4 e6 3. Nc3 a6 4. cxd5 exd5 5. Nf3 h6 6. Bf4 Nf6 7. e3 Bd6 8. Bd3 Bxf4 9. exf4 0-0 10. 0-0 Nc6 11. h3 Qd6 12. Qd2 Nh5 13. Ne2 Bd7 14. Rac1 Rac8 15. Ne5 Ne7 16. Rfe1 Nf6 17. g4 Rfd8 18. Ng3 Kf8 19. g5 Nfg8 20. Qe2 g6 21. h4 Nc6 22. Nxc6 Bxc6 23. f5 Be8 24. fxg6 fxg6 25. Qf3+ Kg7 26. h5 Qf8 27. Qe3 1-0

[Event "Asian Continental op 20th"]
[Site "Almaty"]
[Date "2023.06.04"]
[Round "1"]
[White "Yessengali, Adizhan"]
[Black "Dushyant, Sharma"]
[Result "0-1"]
[WhiteElo "1596"]
[BlackElo "2345"]
[PlyCount "94"]
[EventDate "2023.06.04"]
[EventType "swiss"]
[EventRounds "9"]
[EventCountry "KAZ"]
[SourceTitle "CBM 214 Extra"]
[Source "ChessBase"]
[SourceDate "2023.07.31"]
[SourceVersion "1"]
[SourceVersionDate "2023.07.31"]
[SourceQuality "1"]

1. c4 e6 2. Nf3 d5 3. d4 Nf6 4. g3 Be7 5. Bg2 0-0 6. 0-0 dxc4 7. Qc2 b6 8. Qxc4 Bb7 9. Nc3 a6 10. Bf4 Bd6 11. Ne5 Qc8 12. a4 Rd8 13. e4 c5 14. Rfd1 cxd4 15. Rxd4 Bxe5 16. Rxd8+ Qxd8 17. Bxe5 Nfd7 18. Rd1 Nc6 19. Bf4 Qe7 20. b4 Rc8 21. b5 Ncb8 22. Qd3 Nc5 23. Qd2 Nbd7 24. Bd6 Qe8 25. Bxc5 Nxc5 26. Qd6 axb5 27. axb5 Rb8 28. Qxb6 Nxe4 29. Bxe4 Bxe4 30. Qc7 Bf3 31. Rd3 Rc8 32. b6 Bc6 33. Rd6 h6 34. Rxc6 Qxc6 35. Qxc6 Rxc6 36. Na4 Rc1+ 37. Kg2 Rb1 38. h4 Rb4 39. Nc5 Rxb6 40. f4 h5 41. Kf3 Rc6 42. Ne4 f6 43. Ke3 Kf7 44. Kd4 Kg6 45. Nc5 Kf5 46. Nd3 Rd6+ 47. Ke3 Rxd3+ 0-1